| 000 -LEADER | |
|---|---|
| fixed length control field | 00416nam a22001577a 4500 |
| 005 - DATE AND TIME OF LATEST TRANSACTION | |
| control field | 20250415124906.0 |
| 008 - FIXED-LENGTH DATA ELEMENTS--GENERAL INFORMATION | |
| fixed length control field | 250411b |||||||| |||| 00| 0 eng d |
| 041 ## - LANGUAGE CODE | |
| Language code of text/sound track or separate title | eng |
| 082 ## - DEWEY DECIMAL CLASSIFICATION NUMBER | |
| Classification number | 343.0999 BAR-I |
| 100 ## - MAIN ENTRY--AUTHOR NAME | |
| Personal name | BARE ACT |
| 245 ## - TITLE STATEMENT | |
| Title | THE INFORMATION TECHNOLOGY ACT, 2000 [21 OF 2000] |
| 260 ## - PUBLICATION, DISTRIBUTION, ETC. (IMPRINT) | |
| Place of publication | DELHI |
| Name of publisher | PROFESSIONAL BOOK PUBLISHING |
| Year of publication | 2025 |
| 300 ## - PHYSICAL DESCRIPTION | |
| Number of Pages | 346; P |
| 650 ## - SUBJECT ADDED ENTRY--TOPICAL TERM | |
| Topical Term | LEGAL STUDIES |
| 942 ## - ADDED ENTRY ELEMENTS (KOHA) | |
| Koha item type | Books |
| Lost status | Damaged status | Collection code | Home library | Current library | Shelving location | Date acquired | Source of acquisition | Cost, normal purchase price | Full call number | Accession Number | Koha item type |
|---|---|---|---|---|---|---|---|---|---|---|---|
| LAW | JRU Library | JRU Library | SHELF-31-D | 10/04/2025 | PURCHASE | 380.00 | 343.0999 | 28669 | Books | ||
| LAW | JRU Library | JRU Library | SHELF-31-D | 10/04/2025 | PURCHASE | 380.00 | 343.0999 | 28670 | Books | ||
| LAW | JRU Library | JRU Library | SHELF- 66 C | 10/04/2025 | PURCHASE | 380.00 | 343.0999 | 28671 | Books |